| 000 | 00389nam a22001337a 4500 | ||
|---|---|---|---|
| 082 |
_a624.0685 _bBAI _cD |
||
| 100 |
_aBailey, S.N _942316 |
||
| 245 |
_aNew methods in construction quality control / _cS.N, Bailey |
||
| 260 |
_aCalifornia : _bUniversity of California _c1970. |
||
| 300 | _aiii, 81 p. : | ||
| 526 |
_a0 _b0 _c0 _d624_068500000000000_BAI |
||
| 650 |
_aMCE _9379 |
||
| 942 |
_2ddc _cBK |
||
| 999 |
_c546227 _d546227 |
||